01039 2200325 4500001002100000005001500021035002000036007000300056008004100059020002200100082001600122084001800138100002900156245011000185250003400295300004500329650001600374700004400390700004000434504003300474264003200507336002100539337003000560338002300590040002200613090002200635850001200657999002200669990002200691INLIS00000000090123820260108100309 a0010-0126000171ta260108s2025 yoia g ind d a978-634-01-1628-104223a581.916 a581.916 BEN a0 aBenny HidayatePengarang10aAzolla si kecil bermanfaat besar /cBenny Hidayat, Nur Ulina Warnisyah Sebayang, Syarifa Mayly B. Dachban aCetakan pertama: Oktober 2025 ax, 104 halaman :bgambar, tabel ;c23 cm 4aTanaman air0 aNur Ulina Warnisyah SebayangePengarang0 aSyarifa Mayly B. DachbanePengarang aBibliografi : halaman 97-10431aSleman :bDeepublish,c2025 2rdacontentateks 2rdamediaatanpa perantara 2rdacarrieravolume aYOPDYOGbinderda aCB-D.11 2025-3947 aYOPDYOG aCB-D.11/2025-3947 aCB-D.11/2025-3947